[Event "OP-2012-0-02304"]
[Site "LSS email"]
[Date "2012.07.18"]
[Round "?"]
[White "Oliveira, Luiz"]
[Black "Jovellanos, Candela"]
[Result "1-0"]
[WhiteElo "1162"]
[BlackElo "800"]
[PlyCount "25"]
[EventDate "2012.07.15"]
[EventType "tourn (corr)"]
[EventRounds "4"]
[EventCountry "GER"]
[SourceTitle "Corr 2015"]
[Source "ChessBase"]
[SourceDate "2015.07.17"]
[SourceVersion "1"]
[SourceVersionDate "2015.07.17"]
[SourceQuality "1"]

1. e4 c5 2. Nf3 Nc6 3. d4 cxd4 4. Nxd4 Qc7 5. Nc3 e6 6. Be3 Nf6 7. Be2 Nxd4 8. Qxd4 e5 9. Qd3 Be7 10. 0-0 0-0 11. Rad1 a6 12. Bg5 Rd8 13. Bxf6 1-0